| 000 | 01267nam a2200397 c 4500 | ||
|---|---|---|---|
| 001 | 52995 | ||
| 003 | ES-MaCES | ||
| 005 | 20251002133526.0 | ||
| 008 | 000000s2023 sp ||||| 00| | spa d | ||
| 017 |
_aB 9941-2023 _bDL |
||
| 020 | _a9788411001793 | ||
| 040 |
_aES-MaCES _bspa _cES-MaCES |
||
| 100 | 1 |
_aConde Ruiz, José Ignacio _99891 |
|
| 245 | 1 | 0 |
_aLa juventud atracada _b: cómo un electorado envejecido cercena el futuro de los jóvenes _cJosé Ignacio Conde-Ruiz, Carlotta Conde Gasca |
| 250 | _a1ª ed | ||
| 260 |
_aBarcelona _bEdiciones Peninsula _c2023 |
||
| 300 |
_a234p. _c23 cm |
||
| 490 | 1 | _aAtalaya | |
| 504 | _aBibliografía: p. 227-234 | ||
| 541 | _cCompra | ||
| 650 | 4 |
_aenvejecimiento de la población _930614 |
|
| 650 | 4 |
_acambio climático _930961 |
|
| 650 | 4 |
_acambio tecnológico _928236 |
|
| 650 | 4 |
_agasto público _928076 |
|
| 650 | 4 |
_aevaluación del impacto _930732 |
|
| 650 | 4 |
_ajuventud _928522 |
|
| 650 | 4 |
_aempleo de jóvenes _929982 |
|
| 650 | 4 |
_adesempleo de jóvenes _929983 |
|
| 650 | 4 |
_acondiciones de vida _927111 |
|
| 650 | 4 |
_aEspaña _926964 |
|
| 650 | 4 |
_afuturo _928901 |
|
| 653 | 1 | 0 | _aAsuntos Sociales |
| 700 | 1 |
_940863 _aConde Gasca, Carlotta |
|
| 902 | _aLIB Libro | ||
| 942 |
_2CES _cBK _h3.3. |
||
| 999 |
_c52995 _d52995 |
||